[Event "Reykjavik op"]
[Site "Reykjavik"]
[Date "2024.03.21"]
[Round "9"]
[White "Krassel, Timofei"]
[Black "Kjartansson, Matthias Bjorgvin"]
[Result "1-0"]
[WhiteElo "2035"]
[BlackElo "1893"]
[PlyCount "89"]
[EventDate "2024.03.15"]
[EventType "swiss"]
[EventRounds "9"]
[EventCountry "ISL"]
[SourceTitle "CBM 219 Extra"]
[Source "ChessBase"]
[SourceDate "2024.05.31"]
[SourceVersion "1"]
[SourceVersionDate "2024.05.31"]
[SourceQuality "1"]

1. e4 e5 2. Nf3 Nc6 3. d4 exd4 4. Bc4 Bc5 5. Ng5 d5 6. Bxd5 Nh6 7. Nxf7 Bb4+ 8. c3 Nxf7 9. Bxf7+ Kxf7 10. cxb4 Re8 11. 0-0 Kg8 12. b5 Ne5 13. f4 Nf7 14. Qd3 b6 15. Nd2 a6 16. Re1 axb5 17. Qxb5 Nd6 18. Qd5+ Be6 19. Qxd4 Kh8 20. Nf3 Rxa2 21. Bd2 c5 22. Qf2 Rxb2 23. Qg3 Rb3 24. f5 Bg8 25. Bg5 Qd7 26. Qf4 Nf7 27. Bh4 Rb4 28. f6 g6 29. Re2 Ne5 30. Raa2 Nxf3+ 31. gxf3 Bxa2 32. Rxa2 Kg8 33. Rd2 Rd4 34. Rb2 b5 35. Rxb5 Rd1+ 36. Kg2 Rd2+ 37. Kg3 Rd1 38. Bg5 Rg1+ 39. Kh4 Rc8 40. Rb8 Kf7 41. Rxc8 Qxc8 42. Qd6 Qe6 43. Qc7+ Ke8 44. f7+ Kf8 45. Bh6# 1-0

[Event "Reykjavik op"]
[Site "Reykjavik"]
[Date "2024.03.19"]
[Round "7"]
[White "Mueller, Magnus"]
[Black "Kjartansson, Matthias Bjorgvin"]
[Result "0-1"]
[WhiteElo "2144"]
[BlackElo "1893"]
[PlyCount "132"]
[EventDate "2024.03.15"]
[EventType "swiss"]
[EventRounds "9"]
[EventCountry "ISL"]
[SourceTitle "CBM 219 Extra"]
[Source "ChessBase"]
[SourceDate "2024.05.31"]
[SourceVersion "1"]
[SourceVersionDate "2024.05.31"]
[SourceQuality "1"]

1. d4 Nf6 2. Bf4 d5 3. e3 Bf5 4. Bd3 Bg6 5. f3 e6 6. Nc3 Bb4 7. Nge2 Nbd7 8. g4 c5 9. h4 cxd4 10. exd4 a6 11. h5 Bxd3 12. Qxd3 h6 13. 0-0-0 Nb6 14. a3 Bd6 15. Bxd6 Qxd6 16. Kb1 0-0-0 17. Ka2 Kb8 18. b3 Rd7 19. Qe3 Rc8 20. Qe5 Ka7 21. Qxd6 Rxd6 22. Kb2 Rdc6 23. Rd2 Ne8 24. Nd1 Nd6 25. Ne3 Nd7 26. Rg1 Nf6 27. Nf4 Nh7 28. Rf1 Ng5 29. a4 Rb6 30. Rd3 Rbc6 31. Rd2 Rb6 32. Ka2 Rbc6 33. Nd3 Rc3 34. Re2 R3c7 35. Kb2 b6 36. Kc1 Rc3 37. Kd2 R3c7 38. Ree1 Nb7 39. Rc1 Na5 40. Ke2 Nc6 41. c3 Na5 42. b4 Nb3 43. Nd1 Nxc1+ 44. Nxc1 Rxc3 45. Nxc3 Rxc3 46. Nd3 Kb7 47. f4 Ne4 48. Ke3 Nd6 49. Rc1 Nc4+ 50. Ke2 Rxc1 51. Nxc1 Nb2 52. g5 Nxa4 53. Nd3 Nc3+ 54. Ke1 Ne4 55. gxh6 gxh6 56. f5 exf5 57. Ne5 Ng5 58. Kd2 f4 59. Nd3 Ne4+ 60. Ke2 Ng3+ 61. Kf3 Nxh5 62. Kg4 Ng7 63. Kxf4 f6 64. Nf2 h5 65. Nd1 Kc6 66. Nc3 Ne6+ 0-1

[Event "Wch U14"]
[Site "Montesilvano"]
[Date "2023.11.22"]
[Round "9"]
[White "Kjartansson, Matthias Bjorgvin"]
[Black "Asikainen, Eeli"]
[Result "0-1"]
[WhiteElo "1651"]
[BlackElo "2081"]
[PlyCount "42"]
[EventDate "2023.11.13"]
[EventType "swiss"]
[EventRounds "11"]
[EventCountry "ITA"]
[SourceTitle "CBM 217 Extra"]
[Source "ChessBase"]
[SourceDate "2024.01.31"]
[SourceVersion "1"]
[SourceVersionDate "2024.01.31"]
[SourceQuality "1"]

1. d4 Nf6 2. c4 g6 3. Nc3 Bg7 4. e4 d6 5. Be2 0-0 6. Nf3 Nbd7 7. 0-0 e5 8. Be3 Qe7 9. Qc2 c6 10. Rad1 exd4 11. Nxd4 Nc5 12. f3 d5 13. cxd5 cxd5 14. Bg5 Ne6 15. Nxd5 Nxd5 16. Bxe7 Nxd4 17. Bxf8 Nxc2 18. Rxd5 Bxf8 19. Rd8 Nb4 20. Rc1 Nc6 21. f4 Nxd8 0-1

[Event "Reykjavik op"]
[Site "Reykjavik"]
[Date "2023.04.01"]
[Round "5"]
[White "Verweij, Kees"]
[Black "Kjartansson, Matthias Bjorgvin"]
[Result "1/2-1/2"]
[WhiteElo "2010"]
[BlackElo "1689"]
[PlyCount "72"]
[EventDate "2023.03.29"]
[EventType "swiss"]
[EventRounds "9"]
[EventCountry "ISL"]
[SourceTitle "CBM 213 Extra"]
[Source "ChessBase"]
[SourceDate "2023.05.31"]
[SourceVersion "1"]
[SourceVersionDate "2023.05.31"]
[SourceQuality "1"]

1. d4 Nf6 2. c4 e6 3. Nc3 d5 4. cxd5 exd5 5. Bg5 c6 6. e3 Bd6 7. Bd3 0-0 8. Qc2 h6 9. Bh4 Re8 10. Nge2 a5 11. 0-0 Bxh2+ 12. Kh1 Bd6 13. Bf5 Bxf5 14. Qxf5 Nbd7 15. Bg3 Bxg3 16. Nxg3 Qc7 17. Rac1 Nb6 18. Qf3 Nc4 19. Rc2 Qd7 20. Nf5 Kh7 21. Ng3 Nd6 22. Re2 Re7 23. Na4 Qc7 24. Rc2 Nfe4 25. Nxe4 Nxe4 26. Nc3 Rd8 27. Nxe4 Rxe4 28. g3 Rd6 29. Kg2 Rf6 30. Qe2 Qe7 31. Rh1 Rfe6 32. Qh5 Rg6 33. Qf5 Kg8 34. Qc8+ Kh7 35. Qf5 Kg8 36. Qc8+ Kh7 1/2-1/2

[Event "Reykjavik Skakping op"]
[Site "Reykjavik"]
[Date "2023.01.11"]
[Round "2"]
[White "Kjartansson, Matthias Bjorgvin"]
[Black "Ingvason, Johann"]
[Result "0-1"]
[WhiteElo "1759"]
[BlackElo "2132"]
[PlyCount "82"]
[EventDate "2023.01.08"]
[EventType "swiss"]
[EventRounds "9"]
[EventCountry "ISL"]
[SourceTitle "EXT 2024"]
[Source "ChessBase"]
[SourceDate "2023.10.10"]
[SourceVersion "1"]
[SourceVersionDate "2023.10.10"]
[SourceQuality "1"]

1. d4 Nf6 2. c4 c5 3. d5 b5 4. cxb5 a6 5. bxa6 Bxa6 6. Nc3 g6 7. e4 Qa5 8. Qc2 Bg7 9. Bxa6 Nxa6 10. Nge2 Nb4 11. Qd1 Nxe4 12. 0-0 Nxc3 13. Nxc3 0-0 14. Qe2 e6 15. dxe6 fxe6 16. a3 Nc6 17. Be3 Nd4 18. Bxd4 Bxd4 19. Nb5 Bg7 20. Rad1 Rab8 21. Nc3 Qc7 22. a4 Qc6 23. Nb5 d5 24. Rfe1 e5 25. Rc1 Rf4 26. b3 Rbf8 27. f3 e4 28. fxe4 Rxe4 29. Qc2 Rxe1+ 30. Rxe1 c4 31. bxc4 dxc4 32. Qe4 Qc5+ 33. Kh1 c3 34. h3 c2 35. Rc1 Bb2 36. Qe6+ Kg7 37. Nd6 Bxc1 38. Qe7+ Kg8 39. Qe6+ Kh8 40. Ne4 Rf1+ 41. Kh2 Bf4+ 0-1

[Event "Reykjavik Kvika op"]
[Site "Reykjavik"]
[Date "2022.04.10"]
[Round "6"]
[White "Kjartansson, Matthias Bjorgvin"]
[Black "Manukonda, Arun"]
[Result "0-1"]
[WhiteElo "1504"]
[BlackElo "2014"]
[PlyCount "36"]
[EventDate "2022.04.06"]
[EventType "swiss"]
[EventRounds "9"]
[EventCountry "ISL"]
[SourceTitle "CBM 207 Extra"]
[Source "ChessBase"]
[SourceDate "2022.05.31"]
[SourceVersion "1"]
[SourceVersionDate "2022.05.31"]
[SourceQuality "1"]

1. d4 Nf6 2. c4 c5 3. d5 b5 4. cxb5 a6 5. bxa6 g6 6. Nc3 Bg7 7. e4 0-0 8. Nf3 Qa5 9. Bd2 Bxa6 10. Be2 Bxe2 11. Qxe2 Qb6 12. 0-0 Qxb2 13. Nb5 Rxa2 14. Rab1 Qc2 15. Nc3 Qxc3 16. Rfc1 Qa3 17. Qc4 d6 18. Qb5 Nxe4 0-1

[Event "Reykjavik Kvika op"]
[Site "Reykjavik"]
[Date "2022.04.08"]
[Round "4"]
[White "Kjartansson, Matthias Bjorgvin"]
[Black "Filipovich, David"]
[Result "0-1"]
[WhiteElo "1504"]
[BlackElo "1975"]
[PlyCount "54"]
[EventDate "2022.04.06"]
[EventType "swiss"]
[EventRounds "9"]
[EventCountry "ISL"]
[SourceTitle "CBM 207 Extra"]
[Source "ChessBase"]
[SourceDate "2022.05.31"]
[SourceVersion "1"]
[SourceVersionDate "2022.05.31"]
[SourceQuality "1"]

1. d4 g6 2. c4 Bg7 3. Nc3 c5 4. Nf3 cxd4 5. Nxd4 Nc6 6. e3 Nf6 7. Be2 0-0 8. 0-0 Nxd4 9. exd4 d5 10. b3 b6 11. Bf3 Bb7 12. Be3 Rc8 13. Qe2 Ba6 14. Nxd5 Nxd5 15. Bg5 h6 16. Bh4 Nf4 17. Qe4 Qxd4 18. Qxe7 Qc5 19. Rae1 g5 20. Bg3 Rc7 21. Qxc5 bxc5 22. Bxf4 gxf4 23. Re4 Bb7 24. Rxf4 Bxf3 25. Rxf3 Re8 26. Rd1 Rd7 27. Rc1 Rd2 0-1

[Event "EU-ch Hybrid U12"]
[Site "Tornelo INT"]
[Date "2021.10.15"]
[Round "7"]
[White "Juhanak, Daniel"]
[Black "Kjartansson, Matthias Bjorgvin"]
[Result "0-1"]
[WhiteElo "1824"]
[BlackElo "1411"]
[PlyCount "174"]
[EventDate "2021.10.15"]
[EventType "swiss"]
[EventRounds "9"]
[EventCountry "NET"]
[SourceTitle "EXT 2023"]
[Source "ChessBase"]
[SourceDate "2022.10.05"]
[SourceVersion "1"]
[SourceVersionDate "2022.10.05"]
[SourceQuality "1"]
[WhiteTeam "Czech Republic"]
[BlackTeam "Island"]
[WhiteTeamCountry "CZE"]
[BlackTeamCountry "ISL"]

1. e4 c5 2. Nf3 Nc6 3. d4 cxd4 4. Nxd4 g6 5. c4 Bg7 6. Be3 d6 7. Nc3 Nf6 8. Be2 0-0 9. 0-0 Bd7 10. Nc2 a6 11. Rc1 Rc8 12. Na3 Ne5 13. f3 Be6 14. b3 h5 15. Qd2 Kh7 16. Rfd1 Nc6 17. Bf1 Nd7 18. Qf2 f5 19. Qe1 Nce5 20. h3 f4 21. Bd2 Bxh3 22. Qh4 Be6 23. Bxf4 Bf6 24. Qf2 Nc6 25. Be3 Nde5 26. Qd2 Bg7 27. Be2 Qe8 28. Nab1 Qf7 29. Nd5 Rcd8 30. Nbc3 Nd7 31. f4 Nf6 32. Rf1 Ng4 33. Bb6 Rc8 34. Rce1 Bh6 35. g3 Qg7 36. Bd3 Rf7 37. b4 Nce5 38. Qe2 Nxd3 39. Qxd3 Rcf8 40. Bd4 Qg8 41. a3 Bd7 42. Nb1 e6 43. Ndc3 e5 44. fxe5 dxe5 45. Bc5 Rxf1+ 46. Rxf1 Rxf1+ 47. Qxf1 Be6 48. Nd5 Qg7 49. Nbc3 Bg5 50. Qf3 Qd7 51. Kg2 Nh6 52. Qf8 Bh3+ 53. Kh1 Ng4 54. Be7 Bh6 55. Qf7+ Bg7 56. Qf3 Qe6 57. Kg1 Bh6 58. Kh1 Bg7 59. Kg1 Bh6 60. Nd1 Bg7 61. Qh1 Nh6 62. N1e3 Bg4 63. Qg2 Ng8 64. Bc5 Nh6 65. Qf2 Nf7 66. Be7 Nh6 67. Bf8 b5 68. cxb5 axb5 69. Bc5 Bh3 70. Qe2 Qf7 71. Qf2 Qe6 72. Kh2 Nf7 73. Be7 Bh6 74. Nf6+ Kg7 75. Nfd5 Bxe3 76. Qxe3 Nh6 77. Bf6+ Kh7 78. Qa7+ Nf7 79. Qb7 Bf1 80. Kg1 Bd3 81. Bd8 Bxe4 82. Nf4 exf4 83. Qc7 f3 84. Bg5 Bd5 85. Bd2 Qh3 86. Kf2 Qg2+ 87. Ke3 Qe2+ 0-1

[Event "EU-ch Hybrid U12"]
[Site "Tornelo INT"]
[Date "2021.10.15"]
[Round "3"]
[White "Wimmer, Michael"]
[Black "Kjartansson, Matthias Bjorgvin"]
[Result "1-0"]
[WhiteElo "1708"]
[BlackElo "1411"]
[PlyCount "45"]
[EventDate "2021.10.15"]
[EventType "swiss"]
[EventRounds "9"]
[EventCountry "NET"]
[SourceTitle "EXT 2023"]
[Source "ChessBase"]
[SourceDate "2022.10.05"]
[SourceVersion "1"]
[SourceVersionDate "2022.10.05"]
[SourceQuality "1"]
[WhiteTeam "Austria"]
[BlackTeam "Island"]
[WhiteTeamCountry "AUT"]
[BlackTeamCountry "ISL"]

1. e4 c5 2. Nf3 Nc6 3. d4 cxd4 4. Nxd4 d6 5. Nc3 Nf6 6. Be2 g6 7. Be3 Bg7 8. 0-0 Bd7 9. Qd2 0-0 10. f4 e5 11. Ndb5 Bg4 12. Rad1 Bxe2 13. Qxe2 Ne8 14. Qd2 Qe7 15. Nd5 Qd7 16. f5 f6 17. c4 Rd8 18. b3 Kf7 19. Bxa7 Ne7 20. Nxe7 Kxe7 21. Bb6 Rc8 22. Qb4 g5 23. c5 1-0

[Event "EU-ch 21st"]
[Site "Reykjavik"]
[Date "2021.08.29"]
[Round "4"]
[White "Brynjarsson, Orvar Holm"]
[Black "Kjartansson, Matthias Bjorgvin"]
[Result "0-1"]
[WhiteElo "1022"]
[BlackElo "1389"]
[PlyCount "50"]
[EventDate "2021.08.26"]
[EventType "swiss"]
[EventRounds "11"]
[EventCountry "ISL"]
[SourceTitle "CBM 204"]
[Source "ChessBase"]
[SourceDate "2021.10.31"]
[SourceVersion "1"]
[SourceVersionDate "2021.10.31"]
[SourceQuality "1"]

1. d4 Nf6 2. c4 e6 3. Nf3 d5 4. Bg5 Bb4+ 5. Nc3 h6 6. Bh4 b6 7. Qa4+ Bd7 8. Qxb4 a5 9. Qb3 g5 10. Bg3 Nc6 11. cxd5 exd5 12. Nxd5 Nxd5 13. Qxd5 0-0 14. Rc1 Nb4 15. Qb3 Qe8 16. a3 Ba4 17. Qc4 Bb5 18. Qxc7 Nd3+ 19. Kd2 Nxc1 20. Qxc1 Rc8 21. Qb1 Qe6 22. e3 Bxf1 23. Rxf1 Qb3 24. Rc1 b5 25. Rc3 Rxc3 0-1

[Event "EU-ch 21st"]
[Site "Reykjavik"]
[Date "2021.08.28"]
[Round "3"]
[White "Kjartansson, Matthias Bjorgvin"]
[Black "Heidarsson, Arnar Milutin"]
[Result "0-1"]
[WhiteElo "1389"]
[BlackElo "1916"]
[PlyCount "58"]
[EventDate "2021.08.26"]
[EventType "swiss"]
[EventRounds "11"]
[EventCountry "ISL"]
[SourceTitle "CBM 204"]
[Source "ChessBase"]
[SourceDate "2021.10.31"]
[SourceVersion "1"]
[SourceVersionDate "2021.10.31"]
[SourceQuality "1"]

1. d4 Nf6 2. c4 e6 3. Nc3 Bb4 4. Qc2 d6 5. Bg5 Nbd7 6. e3 0-0 7. Bd3 h6 8. Bh4 Qe8 9. Nge2 b6 10. 0-0 Bxc3 11. Nxc3 Bb7 12. e4 e5 13. Nb5 Qc8 14. dxe5 dxe5 15. Rfe1 Nh5 16. Be2 Nf4 17. Bg4 h5 18. Bxd7 Qxd7 19. Rad1 Qg4 20. Bg3 a6 21. Nxc7 Rac8 22. Nd5 Bxd5 23. exd5 Rxc4 24. Qb3 Rb4 25. Qc3 Ne2+ 26. Rxe2 Qxe2 27. Re1 Qxb2 28. Qc7 Rd4 29. d6 Qd2 0-1

[Event "EU-ch 21st"]
[Site "Reykjavik"]
[Date "2021.08.27"]
[Round "2"]
[White "Birkisson, Bardur Orn"]
[Black "Kjartansson, Matthias Bjorgvin"]
[Result "1-0"]
[WhiteElo "2163"]
[BlackElo "1389"]
[PlyCount "49"]
[EventDate "2021.08.26"]
[EventType "swiss"]
[EventRounds "11"]
[EventCountry "ISL"]
[SourceTitle "CBM 204"]
[Source "ChessBase"]
[SourceDate "2021.10.31"]
[SourceVersion "1"]
[SourceVersionDate "2021.10.31"]
[SourceQuality "1"]

1. d4 Nf6 2. Nf3 d5 3. Bf4 Bf5 4. e3 e6 5. Be2 Be7 6. h3 0-0 7. 0-0 Nbd7 8. c4 c6 9. Nc3 Qb6 10. Qc1 Ne4 11. c5 Qd8 12. b4 b6 13. b5 bxc5 14. bxc6 Nb6 15. dxc5 Bf6 16. Nxe4 dxe4 17. Nd4 Nd5 18. Bd6 Be7 19. Nxf5 exf5 20. Qa3 Rc8 21. Rfd1 Bxd6 22. cxd6 Qf6 23. Rac1 Nb6 24. d7 Rc7 25. Qxf8+ 1-0

[Event "World Cup U12 Prel"]
[Site "Tornelo INT"]
[Date "2021.08.06"]
[Round "6"]
[White "Haug, Havard"]
[Black "Kjartansson, Matthias Bjorgvin"]
[Result "1-0"]
[WhiteElo "1807"]
[BlackElo "1389"]
[PlyCount "41"]
[EventDate "2021.08.06"]
[EventType "swiss (rapid)"]
[EventRounds "10"]
[EventCountry "NET"]
[SourceTitle "EXT 2025"]
[Source "ChessBase"]
[SourceDate "2024.10.14"]
[SourceVersion "1"]
[SourceVersionDate "2024.10.14"]
[SourceQuality "1"]

1. e4 c5 2. c3 Nc6 3. d4 cxd4 4. cxd4 e6 5. d5 Nce7 6. d6 Nc6 7. Nc3 Nf6 8. Nb5 Bxd6 9. Qxd6 Qb6 10. Nc7+ Kd8 11. Nxa8 Qb4+ 12. Qxb4 Nxb4 13. Kd1 Nxe4 14. Nh3 d5 15. f3 Nf6 16. Ng5 Ke7 17. Be3 Nc6 18. Bc5+ Kd7 19. Bb5 Re8 20. Nxf7 b6 21. Ne5+ 1-0

[Event "World Cup U12 Prel"]
[Site "Tornelo INT"]
[Date "2021.08.06"]
[Round "5"]
[White "Kjartansson, Matthias Bjorgvin"]
[Black "Khoury, Theo"]
[Result "0-1"]
[WhiteElo "1389"]
[BlackElo "1729"]
[PlyCount "50"]
[EventDate "2021.08.06"]
[EventType "swiss (rapid)"]
[EventRounds "10"]
[EventCountry "NET"]
[SourceTitle "EXT 2025"]
[Source "ChessBase"]
[SourceDate "2024.10.14"]
[SourceVersion "1"]
[SourceVersionDate "2024.10.14"]
[SourceQuality "1"]

1. d4 Nf6 2. c4 c5 3. d5 e6 4. Nc3 exd5 5. cxd5 d6 6. e4 g6 7. Bg5 Bg7 8. Bb5+ Bd7 9. Bxd7+ Nbxd7 10. Nge2 a6 11. a4 0-0 12. 0-0 Re8 13. Qc2 Qc7 14. Bh4 c4 15. Rad1 Nc5 16. f3 Rac8 17. Bg3 Nh5 18. Bf2 Nd3 19. b3 Nxf2 20. Rxf2 cxb3 21. Qxb3 Bxc3 22. Rc1 Nf4 23. Nxf4 Qa5 24. Ne2 Bd4 25. Rxc8 Qe1# 0-1

[Event "Reykjavik ISL-ch op"]
[Site "Reykjavik"]
[Date "2020.08.30"]
[Round "9"]
[White "Kjartansson, Arnar Logi"]
[Black "Kjartansson, Matthias Bjorgvin"]
[Result "0-1"]
[WhiteElo "1161"]
[BlackElo "1233"]
[PlyCount "44"]
[EventDate "2020.08.22"]
[EventType "swiss"]
[EventRounds "9"]
[EventCountry "ISL"]
[SourceTitle "CBM 198 Extra"]
[Source "ChessBase"]
[SourceDate "2020.11.30"]
[SourceVersion "1"]
[SourceVersionDate "2020.11.30"]
[SourceQuality "1"]

1. Nf3 Nf6 2. c4 c5 3. Nc3 e6 4. g3 d5 5. b3 Nc6 6. d4 dxc4 7. bxc4 cxd4 8. Nb5 e5 9. Ba3 Bxa3 10. Nxa3 Qa5+ 11. Nd2 Qxa3 12. Bg2 Bf5 13. 0-0 0-0 14. Nf3 Rfd8 15. Nh4 Be4 16. f3 Bg6 17. Nxg6 fxg6 18. Rb1 Na5 19. Rb5 a6 20. Rxe5 Nxc4 21. Re7 Ne3 22. Qb1 Qxe7 0-1

[Event "Reykjavik ISL-ch op"]
[Site "Reykjavik"]
[Date "2020.08.29"]
[Round "8"]
[White "Kjartansson, Matthias Bjorgvin"]
[Black "Sigurdarson, Logi"]
[Result "0-1"]
[WhiteElo "1233"]
[BlackElo "1218"]
[PlyCount "56"]
[EventDate "2020.08.22"]
[EventType "swiss"]
[EventRounds "9"]
[EventCountry "ISL"]
[SourceTitle "CBM 198 Extra"]
[Source "ChessBase"]
[SourceDate "2020.11.30"]
[SourceVersion "1"]
[SourceVersionDate "2020.11.30"]
[SourceQuality "1"]

1. Nf3 Nf6 2. c4 c5 3. g3 e6 4. Nc3 d5 5. cxd5 exd5 6. d4 Nc6 7. Bg5 Be6 8. Bg2 h6 9. Bxf6 Qxf6 10. Qb3 0-0-0 11. 0-0 g5 12. Na4 g4 13. Nh4 Nxd4 14. Qd3 Kb8 15. Rac1 c4 16. Qd2 Be7 17. e4 dxe4 18. Qa5 Nf3+ 19. Bxf3 gxf3 20. Nc5 Qg5 21. b4 Qg4 22. Rcd1 Bxh4 23. Kh1 Qh3 24. Rg1 Rxd1 25. Na6+ bxa6 26. Qe5+ Kb7 27. Qxe4+ Bd5 28. Qe7+ Bxe7 0-1

[Event "Reykjavik ISL-ch op"]
[Site "Reykjavik"]
[Date "2020.08.24"]
[Round "3"]
[White "Sigurdsson, Elvar Mar"]
[Black "Kjartansson, Matthias Bjorgvin"]
[Result "1-0"]
[WhiteElo "1712"]
[BlackElo "1233"]
[PlyCount "61"]
[EventDate "2020.08.22"]
[EventType "swiss"]
[EventRounds "9"]
[EventCountry "ISL"]
[SourceTitle "CBM 198 Extra"]
[Source "ChessBase"]
[SourceDate "2020.11.30"]
[SourceVersion "1"]
[SourceVersionDate "2020.11.30"]
[SourceQuality "1"]

1. c4 Nf6 2. g3 g6 3. b3 Bg7 4. Bb2 c5 5. Bg2 Nc6 6. Nf3 b6 7. 0-0 0-0 8. Nc3 Bb7 9. d4 Nxd4 10. Nxd4 Bxg2 11. Kxg2 cxd4 12. Qxd4 d6 13. Rad1 Nd7 14. Qd2 a5 15. Nd5 Nc5 16. Bxg7 Kxg7 17. Qd4+ Kg8 18. Nc3 Ne6 19. Qe3 Kg7 20. Nd5 Re8 21. Nxb6 Qc7 22. Nxa8 Rxa8 23. Kg1 a4 24. Qc3+ Kg8 25. b4 Ng5 26. b5 Rb8 27. Rb1 Rc8 28. b6 Qb7 29. h4 Ne4 30. Qa5 Nxg3 31. fxg3 1-0

[Event "Reykjavik Congress"]
[Site "Reykjavik"]
[Date "2020.01.29"]
[Round "8"]
[White "Kjartansson, Matthias Bjorgvin"]
[Black "Helgason, Jon Thor"]
[Result "1/2-1/2"]
[WhiteElo "1036"]
[BlackElo "1672"]
[PlyCount "121"]
[EventDate "2020.01.05"]
[EventType "swiss"]
[EventRounds "9"]
[EventCountry "ISL"]
[SourceTitle "EXT 2021"]
[Source "ChessBase"]
[SourceDate "2020.10.23"]
[SourceVersion "1"]
[SourceVersionDate "2020.10.23"]
[SourceQuality "1"]

1. e4 e5 2. Nf3 Nc6 3. Bb5 a6 4. Ba4 Nf6 5. d3 d6 6. 0-0 Be7 7. c3 0-0 8. Nbd2 b5 9. Bc2 Bg4 10. Re1 Nh5 11. h3 Be6 12. Nxe5 Nxe5 13. Qxh5 c5 14. d4 cxd4 15. cxd4 Rc8 16. Bb3 Nd3 17. Bxe6 fxe6 18. Rf1 Bg5 19. Nb3 Bxc1 20. Nxc1 Nxb2 21. Qg4 Qe7 22. Ne2 e5 23. Ng3 exd4 24. Nf5 Qf6 25. Rab1 Nd3 26. Rbd1 Ne5 27. Qg3 Rc3 28. f3 d3 29. f4 Nc4 30. Rxd3 Rc2 31. Nxd6 Nxd6 32. e5 Nf5 33. exf6 Nxg3 34. Rxg3 Rxf6 35. Ra3 Rd6 36. g3 Kf7 37. Rf2 Rc5 38. Ra5 Ke7 39. Rf3 Kd7 40. Kf2 Kc7 41. Rfa3 Kb7 42. Ke3 Rc4 43. Rd3 Rxd3+ 44. Kxd3 Kb6 45. Ra3 a5 46. f5 Rc5 47. g4 b4 48. Rb3 Kb5 49. Kd4 Rc7 50. Re3 Rd7+ 51. Ke4 Re7+ 52. Kf4 Rxe3 53. Kxe3 Kc4 54. g5 Kd5 55. f6 gxf6 56. gxf6 Ke6 57. f7 Kxf7 58. Kd4 a4 59. Kc4 b3 60. axb3 axb3 61. Kxb3 1/2-1/2

[Event "Reykjavik Congress"]
[Site "Reykjavik"]
[Date "2020.01.15"]
[Round "4"]
[White "Jonsson, Thorsteinn Emil"]
[Black "Kjartansson, Matthias Bjorgvin"]
[Result "1-0"]
[WhiteElo "1114"]
[BlackElo "1036"]
[PlyCount "88"]
[EventDate "2020.01.05"]
[EventType "swiss"]
[EventRounds "9"]
[EventCountry "ISL"]
[SourceTitle "CBM 194 Extra"]
[Source "ChessBase"]
[SourceDate "2020.03.31"]
[SourceVersion "1"]
[SourceVersionDate "2020.03.31"]
[SourceQuality "1"]

1. d4 Nf6 2. c4 g6 3. Nc3 d5 4. Nf3 Bg7 5. Bf4 0-0 6. e3 Bg4 7. Be2 Nc6 8. 0-0 e6 9. h3 Bxf3 10. Bxf3 dxc4 11. Bxc6 bxc6 12. Qa4 Qd7 13. Qxc4 Rab8 14. b3 Nd5 15. Nxd5 exd5 16. Qc5 Rb6 17. Rac1 Re8 18. Qa5 a6 19. Rfe1 Bf8 20. Re2 Bg7 21. Qa4 Ra8 22. e4 dxe4 23. Rxe4 Qd5 24. Rce1 Rbb8 25. Bxc7 Rc8 26. Be5 f6 27. Bg3 f5 28. Rh4 Bf6 29. Rf4 Bg5 30. Rf3 a5 31. Re5 Qd7 32. d5 Bf6 33. Re6 Qf7 34. Be5 Bxe5 35. Rxe5 cxd5 36. Rd3 Rc1+ 37. Kh2 Qc7 38. Rdxd5 Re1 39. Qd4 Re8 40. f4 R8xe5 41. fxe5 Re4 42. Rd8+ Kg7 43. Rd7+ Kg8 44. Qd5+ Kh8 1-0

[Event "Reykjavik Congress"]
[Site "Reykjavik"]
[Date "2020.01.12"]
[Round "3"]
[White "Kjartansson, Matthias Bjorgvin"]
[Black "Sigurvaldason, Hjalmar"]
[Result "0-1"]
[WhiteElo "1036"]
[BlackElo "1469"]
[PlyCount "122"]
[EventDate "2020.01.05"]
[EventType "swiss"]
[EventRounds "9"]
[EventCountry "ISL"]
[SourceTitle "CBM 194 Extra"]
[Source "ChessBase"]
[SourceDate "2020.03.31"]
[SourceVersion "1"]
[SourceVersionDate "2020.03.31"]
[SourceQuality "1"]

1. e4 d5 2. exd5 Qxd5 3. Nc3 Qd8 4. Nf3 Nf6 5. d4 c6 6. Bf4 Bg4 7. Be2 e6 8. 0-0 Nbd7 9. h3 Bxf3 10. Bxf3 Be7 11. Re1 0-0 12. Qd2 Bb4 13. a3 Ba5 14. Rad1 h6 15. Re3 Bc7 16. Bxc7 Qxc7 17. Be2 b5 18. Rg3 Kh8 19. Qe3 Nb6 20. Ne4 Nfd5 21. Qf3 f5 22. Nc5 Rae8 23. Nd3 Nc4 24. b3 Nxa3 25. Ne5 Rf6 26. c4 Nb6 27. Qh5 Ref8 28. Ng6+ Rxg6 29. Qxg6 bxc4 30. bxc4 Naxc4 31. Qxe6 Nd6 32. Rc1 Re8 33. Qa2 Ne4 34. Re3 Qf4 35. Bf3 Nd5 36. Ree1 Nb4 37. Qc4 a5 38. Bxe4 fxe4 39. Rcd1 Rf8 40. Rf1 Nd3 41. Qc2 Rf6 42. Qd2 Qd6 43. Qxa5 Qxd4 44. Rd2 e3 45. Re2 exf2+ 46. Kh1 Qd6 47. Qd2 c5 48. Re8+ Kh7 49. Qe3 Qd5 50. Qd2 Rg6 51. Rxf2 Nxf2+ 52. Qxf2 Rf6 53. Qc2+ Qf5 54. Qa2 Qf1+ 55. Kh2 c4 56. Re4 Rf2 57. Qxf2 Qxf2 58. Rxc4 h5 59. Re4 h4 60. Rg4 g5 61. Rxg5 Qf4+ 0-1